00356nam a22001457a 4500003000400000008004100004020001800045082001500063100001600078245003000094250001200124260004100136300001100177650002200188OSt230328b |||||||| |||| 00| 0 eng d a9789388658362 a320.01 GAW aGAUBA, O.P. aWestern Political Thought a4th ed. aNew DelhibNational Paperbacksc2023 a380 p. aPolitical Science